| 000 | 00710nam a22001817a 4500 | ||
|---|---|---|---|
| 003 | UA-OsUOA | ||
| 001 | 17548 | ||
| 007 | ta | ||
| 008 | 20040314b un ||||| |||| 00| 0 ukr d | ||
| 100 | _aТубіна С. | ||
| 942 | _cSA | ||
| 040 |
_aUA-OsUOA _cUA-OsUOA _dUA-OsUOA |
||
| 245 | _aСлаветную "гроту" - величну пишноту те взгір'я очам відкриває...: [Про цілюще джерело Святого Миколая, що розташ. край села Гільче Здолбунів. р-ну] | ||
| 300 | _aС.4 | ||
| 955 | _a0 | ||
| 773 | 0 |
_w0 _tВісті Рівненщини _dРівне _d2004 _g№19/27 лют./ |
|
| 650 | 7 |
_aДжерела _2UDC |
|
| 999 |
_c303716 _d303716 |
||